Familles et petite enfance. Mutation des savoirs et des pratiques (notice n° 1865387)
[ vue normale ]
| 000 -LEADER | |
|---|---|
| fixed length control field | 01862cam a2200157 4500500 |
| 005 - DATE AND TIME OF LATEST TRANSACTION | |
| control field | 20260329011829.0 |
| 041 ## - LANGUAGE CODE | |
| Language code of text/sound track or separate title | fre |
| 042 ## - AUTHENTICATION CODE | |
| Authentication code | dc |
| 100 10 - MAIN ENTRY--PERSONAL NAME | |
| Personal name | Bourgeois, Didier |
| Relator term | author |
| 245 00 - TITLE STATEMENT | |
| Title | Familles et petite enfance. Mutation des savoirs et des pratiques |
| 260 ## - PUBLICATION, DISTRIBUTION, ETC. | |
| Date of publication, distribution, etc. | 2006.<br/> |
| 500 ## - GENERAL NOTE | |
| General note | 68 |
| 520 ## - SUMMARY, ETC. | |
| Summary, etc. | À partir de l’analyse d’un dispositif médiatique donnant à voir des séquences de consultations psychologiques, cet article interroge les effets cliniques et éthiques de l’exposition publique de la parole intime. Il examine les déplacements induits par le passage d’un cadre thérapeutique confidentiel vers un espace médiatisé, où le récit de soi est montré, fragmenté et soumis au regard de l’autre. Inscrite dans une approche intégrative, l’auteure propose une lecture articulant cadre, transfert, espace transitionnel et distinction entre intime et extime. L’émission est envisagée non comme une restitution du processus thérapeutique, mais comme un espace de projection susceptible de favoriser l’émergence consciente de contenus psychiques non élaborés, tant chez les participants que chez les spectateurs. L’article met en évidence le décalage irréductible entre ce qui est montré, ce qui est dit et ce qui est vécu, rappelant que l’essentiel du travail psychique demeure en grande partie invisible et non partageable hors du cadre transférentiel. Il défend la nécessité d’un positionnement éthique clair face aux formes contemporaines d’exposition de l’intime, et invite les psychologues à penser ces dispositifs comme des objets cliniques à part entière, appelant vigilance et responsabilité professionnelle. |
| 786 0# - DATA SOURCE ENTRY | |
| Note | Psy Cause | 43 | 1 | 2006-01-01 | p. 52-52 | 1245-2394 |
| 856 41 - ELECTRONIC LOCATION AND ACCESS | |
| Uniform Resource Identifier | <a href="https://shs.cairn.info/revue-psy-cause-2006-1-page-52?lang=fr&redirect-ssocas=7080">https://shs.cairn.info/revue-psy-cause-2006-1-page-52?lang=fr&redirect-ssocas=7080</a> |
Pas d'exemplaire disponible.




Réseaux sociaux